|
|
|
|
| LEADER |
02571nam a2200673 4500 |
| 001 |
ocn779165225 |
| 003 |
OCoLC |
| 005 |
20170124071711.3 |
| 006 |
m o d |
| 007 |
cr cnu---unuuu |
| 008 |
120305s2012 enk ob 001 0 eng d |
| 040 |
|
|
|a N$T
|b eng
|e pn
|c N$T
|d EBLCP
|d E7B
|d CDX
|d OCLCQ
|d OCLCF
|d UKDOC
|d DG1
|d MHW
|d YDXCP
|d OCLCQ
|d OCLCO
|d OCLCQ
|d COO
|d OCL
|d DEBBG
|d OCLCQ
|d GrThAP
|
| 019 |
|
|
|a 785513049
|a 787845589
|
| 020 |
|
|
|a 9781118496459
|q (electronic bk.)
|
| 020 |
|
|
|a 1118496450
|q (electronic bk.)
|
| 020 |
|
|
|a 9781118274019
|q (electronic bk.)
|
| 020 |
|
|
|a 1118274016
|q (electronic bk.)
|
| 020 |
|
|
|a 0470672927
|
| 020 |
|
|
|a 9780470672921
|
| 020 |
|
|
|z 9780470672914
|
| 020 |
|
|
|z 0470672919
|
| 020 |
|
|
|z 9780470672921
|
| 029 |
1 |
|
|a AU@
|b 000050886119
|
| 029 |
1 |
|
|a CHNEW
|b 000619258
|
| 029 |
1 |
|
|a DEBBG
|b BV043394300
|
| 029 |
1 |
|
|a NZ1
|b 15915723
|
| 035 |
|
|
|a (OCoLC)779165225
|z (OCoLC)785513049
|z (OCoLC)787845589
|
| 043 |
|
|
|a a------
|a e-po---
|
| 050 |
|
4 |
|a DS33.7
|b .S83 2012eb
|
| 072 |
|
7 |
|a HIS
|x 003000
|2 bisacsh
|
| 082 |
0 |
4 |
|a 950/.3091712469
|2 23
|
| 049 |
|
|
|a MAIN
|
| 100 |
1 |
|
|a Subrahmanyam, Sanjay.
|
| 245 |
1 |
4 |
|a The Portuguese empire in Asia, 1500-1700 :
|b a political and economic history /
|c Sanjay Subrahmanyam.
|
| 250 |
|
|
|a 2nd ed.
|
| 264 |
|
1 |
|a Chichester, UK ;
|a Malden, MA :
|b John Wiley & Sons,
|c 2012.
|
| 300 |
|
|
|a 1 online resource
|
| 336 |
|
|
|a text
|b txt
|2 rdacontent
|
| 337 |
|
|
|a computer
|b c
|2 rdamedia
|
| 338 |
|
|
|a online resource
|b cr
|2 rdacarrier
|
| 504 |
|
|
|a Includes bibliographical references and index.
|
| 588 |
0 |
|
|a Print version record.
|
| 650 |
|
0 |
|a Portuguese
|z Asia
|x History.
|
| 650 |
|
7 |
|a HISTORY
|z Asia
|x General.
|2 bisacsh
|
| 650 |
|
7 |
|a Portuguese colonies.
|2 fast
|0 (OCoLC)fst01930859
|
| 650 |
|
7 |
|a Portuguese.
|2 fast
|0 (OCoLC)fst01072400
|
| 651 |
|
0 |
|a Portugal
|x Colonies
|z Asia
|x History.
|
| 651 |
|
0 |
|a Asia
|x History
|y 16th century.
|
| 651 |
|
0 |
|a Asia
|x History
|y 17th century.
|
| 651 |
|
0 |
|a Portugal
|x History
|y 16th century.
|
| 651 |
|
0 |
|a Portugal
|x History
|y 17th century.
|
| 651 |
|
7 |
|a Asia.
|2 fast
|0 (OCoLC)fst01240495
|
| 651 |
|
7 |
|a Portugal.
|2 fast
|0 (OCoLC)fst01208476
|
| 648 |
|
7 |
|a 1500-1699
|2 fast
|
| 655 |
|
4 |
|a Electronic books.
|
| 655 |
|
7 |
|a History.
|2 fast
|0 (OCoLC)fst01411628
|
| 776 |
0 |
8 |
|i Print version:
|a Subrahmanyam, Sanjay.
|t Portuguese empire in Asia, 1500-1700.
|b 2nd ed.
|d Chichester, UK ; Malden, MA : John Wiley & Sons, 2012
|z 9780470672914
|w (DLC) 2011043509
|w (OCoLC)758845766
|
| 856 |
4 |
0 |
|u https://doi.org/10.1002/9781118496459
|z Full Text via HEAL-Link
|
| 994 |
|
|
|a 92
|b DG1
|